000 00588nam a2200229Ia 4500
003 OSt
005 20220924132228.0
006 a|||||r|||| 00| 0
007 ta
008 220923b |||||||| |||| 00| 0 san d
024 _a37931
037 _cTextual
040 _aARTS
_cARTS
_bsan
041 _2san
_asan
082 _aO15:6E20:1, D3
100 _aDhanapala
_963934
245 0 _aTilaka manjari ed by Bhavadatta and Kasinatha
260 _c1903
650 _aENGLISH LITERATURE
942 _hO15:6E20:1, D3
_cTEXL
_2CC
999 _c429660
_d429660